[Event "44th Annual World Open"]
[Site "Philadelphia USA"]
[Date "2016.07.02"]
[Round "4"]
[White "Shimanov, Aleksandr"]
[Black "Zapata, Alonso"]
[Result "1-0"]
[WhiteTitle "GM"]
[BlackTitle "GM"]
[WhiteElo "2631"]
[BlackElo "2433"]
[WhiteFideId "4198603"]
[BlackFideId "4400011"]
[EventDate "2016.06.30"]
[EventType "swiss"]

1. d4 Nf6 2. Nf3 g6 3. Bg5 Bg7 4. Nbd2 d5 5. e3 O-O 6. Be2 Nbd7 7. O-O c6 8. c4
Re8 9. Rc1 Nb6 10. b4 dxc4 11. Nxc4 Ne4 12. Bh4 Nd5 13. Qb3 Be6 14. Qb2 h6 15.
Nfd2 Nd6 16. Bg3 Nf5 17. Be5 f6 18. Bg3 h5 19. e4 Nxg3 20. hxg3 Nc7 21. Nf3 Bf7
22. Rfd1 Qd7 23. Na5 Rab8 24. Qc2 Bh6 25. Rb1 Nb5 26. Bc4 e6 27. Qb2 b6 28. Nb3
Qe7 29. a3 Nd6 30. Bd3 e5 31. Re1 Rbd8 32. a4 Nb7 33. Qc3 Rd6 34. Bc4 Nd8 35.
Rbd1 Bxc4 36. Qxc4+ Nf7 37. Na1 Red8 38. Nc2 Kg7 39. b5 Qd7 40. Nb4 c5 41. Nc6
cxd4 42. Nxd8 Nxd8 43. Re2 d3 44. Ra2 Nb7 45. Nd2 Bxd2 46. Rdxd2 Nc5 47. f3 Rd4
48. Qc3 f5 49. exf5 gxf5 50. a5 Kg6 51. axb6 axb6 52. Rd1 e4 53. fxe4 fxe4 54.
Qd2 Rc4 55. Kh2 Qe7 56. Qf4 Qe6 57. Ra7 Rd4 58. Rf1 Rd7 59. Ra8 Rf7 60. Rg8+ Kh7
61. Qg5 e3 62. Rxf7+ Qxf7 63. Rc8 d2 64. Rc6 Ne6 65. Qd5 Ng5 66. Qxg5 1-0

[Event "44th Annual World Open"]
[Site "Philadelphia USA"]
[Date "2016.07.02"]
[Round "4"]
[White "Fishbein, Alexander"]
[Black "Zherebukh, Yaroslav"]
[Result "0-1"]
[WhiteTitle "GM"]
[BlackTitle "GM"]
[WhiteElo "2481"]
[BlackElo "2595"]
[WhiteFideId "2000377"]
[BlackFideId "14116804"]
[EventDate "2016.06.30"]
[EventType "swiss"]

1. e4 e6 2. d4 d5 3. e5 c5 4. c3 Nc6 5. Nf3 Qb6 6. Be2 cxd4 7. cxd4 Nge7 8. Na3
Nf5 9. Nc2 Bd7 10. g4 Nfe7 11. h3 h5 12. Rg1 hxg4 13. hxg4 Ng6 14. Kf1 Be7 15.
Be3 O-O-O 16. b4 Kb8 17. a4 Rc8 18. a5 Qc7 19. Bd3 Nxb4 20. Nxb4 Bxb4 21. Ng5
Be8 22. a6 b6 23. Qb1 Bc3 24. Ra2 Qe7 25. Bxg6 fxg6 26. Ke2 Rc4 27. Rc2 Bxd4 28.
Bxd4 Rxd4 29. Qc1 Bb5+ 30. Kf3 Qb4 31. Rg3 Bxa6 32. Nxe6 Rd1 33. Qf4 Qb3+ 34.
Kg2 Bf1+ 35. Kg1 Bh3+ 36. Kh2 Bxg4+ 37. Kg2 Bh3+ 38. Kh2 Bxe6+ 0-1

[Event "44th Annual World Open"]
[Site "Philadelphia USA"]
[Date "2016.07.02"]
[Round "4"]
[White "Ashwin, Jayaram"]
[Black "Erenburg, Sergey"]
[Result "1/2-1/2"]
[WhiteTitle "GM"]
[BlackTitle "GM"]
[WhiteElo "2460"]
[BlackElo "2591"]
[WhiteFideId "5018137"]
[BlackFideId "2805642"]
[EventDate "2016.06.30"]
[EventType "swiss"]

1. d4 d5 2. Nf3 Nf6 3. Bf4 c6 4. e3 Qb6 5. Qc1 Bf5 6. c4 e6 7. c5 Qd8 8. Nc3 Be7
9. h3 Nbd7 10. Be2 Ne4 11. b4 a6 12. O-O O-O 13. Na4 Bf6 14. Nb2 g5 1/2-1/2

[Event "44th Annual World Open"]
[Site "Philadelphia USA"]
[Date "2016.07.02"]
[Round "4"]
[White "Shetty, Atulya"]
[Black "Ramirez, Alejandro"]
[Result "1/2-1/2"]
[WhiteTitle "FM"]
[BlackTitle "GM"]
[WhiteElo "2366"]
[BlackElo "2563"]
[WhiteFideId "2031213"]
[BlackFideId "6500617"]
[EventDate "2016.06.30"]
[EventType "swiss"]

1. c4 Nf6 2. g3 e6 3. Bg2 d5 4. Nf3 c5 5. O-O Nc6 6. e3 Bd6 7. b3 d4 8. exd4
cxd4 9. d3 O-O 10. Na3 e5 11. Nc2 Re8 12. a3 a5 13. Rb1 h6 14. b4 axb4 15. axb4
Bf5 16. b5 Na5 17. Bd2 Qd7 18. Bb4 Bxb4 19. Rxb4 Bg4 20. Re1 Qf5 21. h3 Bxh3 22.
Bxh3 Qxh3 23. Rxe5 Rxe5 24. Nxe5 Re8 25. Nf3 b6 26. Ncxd4 Nb7 27. Rb2 Nc5 28.
Nb3 Ne6 29. Re2 Rd8 30. d4 Qh5 31. Ne5 Nxd4 32. Nxd4 Rxd4 33. Qxd4 Qxe2 34. c5
bxc5 35. Qxc5 Qe1+ 36. Kg2 Qe4+ 37. Kg1 Qe1+ 38. Kg2 Qe4+ 39. Nf3 Qb7 40. Qc6
Qxc6 41. bxc6 Ne8 42. Nd4 Kf8 43. Kf3 Ke7 44. Nb5 Ke6 45. Kf4 g6 1/2-1/2

[Event "44th Annual World Open"]
[Site "Philadelphia USA"]
[Date "2016.07.02"]
[Round "4"]
[White "Shabalov, Alexander"]
[Black "Balakrishnan, Praveen"]
[Result "1/2-1/2"]
[WhiteTitle "GM"]
[BlackTitle "FM"]
[WhiteElo "2533"]
[BlackElo "2363"]
[WhiteFideId "2008572"]
[BlackFideId "2064871"]
[EventDate "2016.06.30"]
[EventType "swiss"]

1. d4 Nf6 2. c4 e6 3. Nf3 d5 4. Nc3 Be7 5. e3 O-O 6. Bd3 c5 7. O-O Nc6 8. b3 b6
9. Bb2 Bb7 10. cxd5 exd5 11. Ne2 Ne4 12. Ng3 Nxg3 13. hxg3 Bf6 14. Rc1 cxd4 15.
exd4 Qd6 16. Qd2 Rfe8 17. Rfe1 g6 18. Bb5 Re4 19. Re3 Bg7 20. Bxc6 Bxc6 21. Ne5
Bb5 22. a4 Rxe3 23. Qxe3 Bd7 24. Qf4 Bf5 25. Qf3 f6 26. Ba3 Qd8 27. Be7 Be4 28.
Bxd8 Bxf3 29. Bxf6 Bxf6 30. Nxf3 Re8 31. Rc6 Kf7 32. Kf1 Re6 33. Rc7+ Re7 34.
Ne5+ Kg7 35. Rxe7+ Bxe7 36. Ke2 Bd6 37. Kd3 Kf6 38. Nc6 a6 39. b4 Ke6 40. b5
axb5 41. axb5 h5 42. Ke3 Kf6 43. f4 g5 44. Ne5 Bc7 45. Nd3 g4 46. Nb4 Ke6 47.
f5+ Kxf5 48. Nxd5 Bxg3 49. Nxb6 h4 50. Nd5 h3 51. gxh3 gxh3 52. Kf3 h2 53. Ne3+
Ke6 54. Kg2 Bf4 1/2-1/2

[Event "44th Annual World Open"]
[Site "Philadelphia USA"]
[Date "2016.07.02"]
[Round "4"]
[White "Li, Ruifeng"]
[Black "Gorman, Dov"]
[Result "1-0"]
[WhiteTitle "IM"]
[BlackTitle "FM"]
[WhiteElo "2529"]
[BlackElo "2241"]
[WhiteFideId "2061074"]
[BlackFideId "2001233"]
[EventDate "2016.06.30"]
[EventType "swiss"]

1. e4 c5 2. Nc3 Nc6 3. g3 g6 4. Bg2 Bg7 5. d3 d6 6. Be3 Nf6 7. h3 O-O 8. Nge2
Ne8 9. O-O Nc7 10. Qd2 Nd4 11. f4 Rb8 12. g4 b5 13. Ng3 b4 14. Nd1 a5 15. f5 a4
16. c3 Nc6 17. Bh6 a3 18. bxa3 bxc3 19. Nxc3 Ne5 20. Bxg7 Kxg7 21. Rf2 Ba6 22.
Bf1 Qd7 23. Be2 f6 24. g5 Qc6 25. Raf1 Qb6 26. Rg2 Qb2 27. gxf6+ exf6 28. Nh5+
Kg8 29. Qh6 Rf7 30. fxg6 Nxg6 31. Rxf6 Qa1+ 32. Kh2 Qxc3 33. Rgxg6+ 1-0

[Event "44th Annual World Open"]
[Site "Philadelphia USA"]
[Date "2016.07.02"]
[Round "4"]
[White "Chen, Richard"]
[Black "Durarbayli, Vasif"]
[Result "0-1"]
[WhiteTitle "CM"]
[BlackTitle "GM"]
[WhiteElo "2267"]
[BlackElo "2596"]
[WhiteFideId "2617099"]
[BlackFideId "13402935"]
[EventDate "2016.06.30"]
[EventType "swiss"]

1. e4 c5 2. Nf3 Nc6 3. Bb5 g6 4. O-O Bg7 5. Re1 Nf6 6. e5 Nd5 7. Nc3 Nc7 8. a4
O-O 9. d3 Ne6 10. h3 b6 11. Bxc6 dxc6 12. Ne4 h6 13. a5 Rb8 14. axb6 axb6 15. c3
Qd5 16. c4 Qd7 17. b3 Rd8 18. Re2 Bb7 19. Rd2 Qc7 20. Bb2 Rd7 21. Qe2 Rbd8 22.
Rad1 Bc8 23. Ng3 Qa7 24. d4 cxd4 25. Nxd4 Qa5 26. Ne4 Nxd4 27. Bxd4 Qb4 28. Qe3
c5 29. Bb2 Rxd2 30. Rxd2 Rxd2 31. Nxd2 Bf5 32. Qc3 Qxc3 33. Bxc3 e6 34. f3 Bc2
35. Kf2 g5 36. Ke3 Bf8 37. g4 Be7 38. Bb2 Kg7 39. Bc3 Kh7 40. Ke2 Kg6 41. Bb2 f5
42. Ke3 Bd1 43. Kf2 h5 44. Kg3 f4+ 45. Kf2 h4 46. Ke1 Bc2 47. Ke2 Kf7 48. Bc3
Ke8 49. Ke1 Kd7 50. Kf2 Kc6 51. Ke2 Kb7 52. Ke1 Ka6 53. Ke2 b5 54. Ke1 Bd8 55.
b4 Be7 56. bxc5 Bxc5 57. cxb5+ Kxb5 58. Ke2 Be7 59. Bd4 Kc6 60. Ba7 Kd5 61. Bb8
Bd8 62. Bd6 Kd4 63. Kf2 Bb6 64. Nf1 Bc5 65. Bc7 Kd3+ 66. Kg2 Be7 67. Kf2 Kd4 68.
Nd2 Bd3 69. Bd6 Bd8 70. Nb3+ Kc4 71. Nd2+ Kd5 72. Nb3 Bb6+ 73. Kg2 Be3 74. Be7
Bc2 75. Na5 Bd4 76. Nb7 Bxe5 77. Bxg5 Bc7 78. Bxh4 e5 79. Bf6 e4 80. fxe4+ Bxe4+
81. Kf1 Bb6 82. Bh4 Ke5 83. Bf2 Bxf2 84. Kxf2 Bxb7 85. h4 Bc8 86. g5 Kf5 87. Kf3
Bb7+ 88. Kf2 Bd5 89. Ke2 Bf7 90. Kf3 Bh5+ 91. Kf2 Kg4 92. g6 Bxg6 93. Kg2 Kxh4
94. Kf3 0-1

[Event "44th Annual World Open"]
[Site "Philadelphia USA"]
[Date "2016.07.02"]
[Round "4"]
[White "Zhou, Guijue"]
[Black "Korley, Kassa"]
[Result "1/2-1/2"]
[WhiteTitle "WIM"]
[BlackTitle "IM"]
[WhiteElo "2238"]
[BlackElo "2397"]
[WhiteFideId "8602905"]
[BlackFideId "2033801"]
[EventDate "2016.06.30"]
[EventType "swiss"]

1. e4 c6 2. d4 d5 3. e5 Bf5 4. Be3 e6 5. Nd2 Nd7 6. Ngf3 Ne7 7. Be2 Bg6 8. Nh4
c5 9. c3 cxd4 10. cxd4 Rc8 11. Rc1 Rxc1 12. Qxc1 Nc6 13. Nxg6 hxg6 14. O-O Be7
15. a3 O-O 16. b4 Qb8 17. b5 Na5 18. Qc3 Bd8 19. Rc1 Bb6 20. Nf3 Re8 21. h4 Nf8
22. Ng5 Qd8 23. Nf3 Nh7 24. Bd2 Re7 25. Qc8 Re8 26. Qc2 Re7 27. Bb4 Rc7 28. Qb2
Qc8 29. Rxc7 Qxc7 30. Qc3 Qxc3 31. Bxc3 Nf8 32. Kf1 f6 33. Bd3 Kf7 34. Nd2 fxe5
35. dxe5 Bd8 36. g3 b6 37. f4 Nd7 38. Ke2 Nc5 39. Bc2 Nab7 40. Nf3 Be7 41. Nd4
Nd8 42. a4 a6 43. bxa6 Nxa6 44. Kf3 Nb4 45. Bb1 Nbc6 46. Nb5 Nb7 47. Bc2 Bc5 48.
g4 Be7 49. Kg3 Bc5 50. Bb2 Nb4 51. Bb1 Nc6 52. f5 gxf5 53. gxf5 exf5 54. Bxf5
Ne7 55. Bg4 Na5 56. Nc7 Nc4 57. Ba1 Ne3 58. Be6+ Kg6 59. Kf3 Nc2 60. Bb2 Bd4 61.
Bxd4 Nxd4+ 62. Kf4 Ne2+ 63. Ke3 1/2-1/2

[Event "44th Annual World Open"]
[Site "Philadelphia USA"]
[Date "2016.07.02"]
[Round "4"]
[White "Bian, Alex"]
[Black "Atoufi, Pedram"]
[Result "1-0"]
[WhiteTitle "FM"]
[BlackTitle "FM"]
[WhiteElo "2057"]
[BlackElo "2272"]
[WhiteFideId "2056372"]
[BlackFideId "12501654"]
[EventDate "2016.06.30"]
[EventType "swiss"]

1. e4 e5 2. Nf3 Nc6 3. d4 exd4 4. Nxd4 Nf6 5. Nxc6 bxc6 6. e5 Qe7 7. Qe2 Nd5 8.
c4 Ba6 9. b3 g5 10. g3 Bg7 11. Bb2 O-O-O 12. Bg2 Rde8 13. O-O Nb6 14. Re1 f6 15.
a4 fxe5 16. Nc3 Kb8 17. Ba3 Qd8 18. a5 e4 19. Qd2 e3 20. fxe3 Nc8 21. Rad1 Nd6
22. Bxd6 cxd6 23. Qxd6+ Qc7 24. Ne4 Qxd6 25. Rxd6 Bc8 26. Red1 Re5 27. b4 Rhe8
28. Nc5 Rxc5 29. bxc5 Bf8 30. Rf1 Kc7 31. Rff6 Be7 32. Rh6 Bf8 33. Rhf6 Be7 34.
e4 Bxf6 35. Rxf6 Ba6 36. Rf7 Bxc4 37. Rxh7 g4 38. h3 gxh3 39. Bxh3 Be6 40. Bf5
Bxf5 41. exf5 Re5 42. f6 Rxc5 43. f7 Rf5 44. g4 Rf4 45. g5 Kd6 46. g6 Ke7 47.
Rh8 1-0

[Event "44th Annual World Open"]
[Site "Philadelphia USA"]
[Date "2016.07.02"]
[Round "4"]
[White "Yim, Tony"]
[Black "Vibbert, Sean"]
[Result "0-1"]
[BlackTitle "FM"]
[WhiteElo "2169"]
[BlackElo "2350"]
[WhiteFideId "2062020"]
[BlackFideId "2030292"]
[EventDate "2016.06.30"]
[EventType "swiss"]

1. d4 d5 2. c4 c6 3. Nf3 Nf6 4. e3 Bf5 5. Nc3 e6 6. Nh4 Bg6 7. Nxg6 hxg6 8. Bd3
Nbd7 9. O-O Bd6 10. h3 Qe7 11. Qc2 g5 12. f3 dxc4 13. Bxc4 Bc7 14. Qd1 Qd6 15.
f4 gxf4 16. exf4 Nb6 17. Qd3 O-O-O 18. Be3 g5 19. fxg5 Qh2+ 20. Kf2 Nxc4 21.
Qxc4 Rxh3 22. Ke2 Qxg2+ 0-1

[Event "44th Annual World Open"]
[Site "Philadelphia USA"]
[Date "2016.07.02"]
[Round "4"]
[White "Xu, Runya"]
[Black "Kretchetov, Alexandre"]
[Result "1/2-1/2"]
[BlackTitle "FM"]
[WhiteElo "2023"]
[BlackElo "2246"]
[WhiteFideId "2084643"]
[BlackFideId "4124588"]
[EventDate "2016.06.30"]
[EventType "swiss"]

1. e4 c6 2. d4 g6 3. Nf3 d5 4. exd5 cxd5 5. Bd3 Bg7 6. O-O Nc6 7. c3 Nh6 8. Re1
O-O 9. Bf4 a6 10. Nbd2 Bf5 11. Nf1 Rc8 12. Ne3 Bxd3 13. Qxd3 e6 14. Ne5 Ne7 15.
N5g4 Nhf5 16. Nxf5 Nxf5 17. Be5 f6 18. Bf4 Qd7 19. Re2 Rc6 20. Rae1 b5 21. a3
Re8 22. Qh3 a5 23. Ne3 Nxe3 24. Rxe3 b4 25. axb4 axb4 26. Bh6 bxc3 27. bxc3 Bh8
28. Bf4 Bg7 1/2-1/2

[Event "44th Annual World Open"]
[Site "Philadelphia USA"]
[Date "2016.07.02"]
[Round "4"]
[White "Zhang, Chao"]
[Black "Chase, Christopher"]
[Result "0-1"]
[BlackTitle "FM"]
[WhiteElo "2119"]
[BlackElo "2282"]
[WhiteFideId "2099446"]
[BlackFideId "2002396"]
[EventDate "2016.06.30"]
[EventType "swiss"]

1. e4 g6 2. d4 Bg7 3. Nc3 d6 4. Be3 a6 5. h4 h5 6. Qd2 b5 7. f3 c6 8. a3 Qc7 9.
Bd3 Nf6 10. O-O-O a5 11. e5 b4 12. exf6 bxc3 13. Qxc3 Bxf6 14. Bg5 Bg7 15. Re1
e6 16. Ne2 Na6 17. Nf4 Qb6 18. Bxg6 Bxd4 19. Qd3 Qxb2+ 20. Kd1 Nc5 21. Bxf7+ Kd7
22. Rxe6 Kc7 23. Re7+ Kb6 24. Qc4 Bf5 25. Nd3 Bxd3 26. cxd3 d5 27. Qc2 Qxa3 28.
Ke2 Ka6 29. Bc1 Qb3 30. Qxb3 Nxb3 31. g4 hxg4 32. fxg4 Bf6 33. Rc7 Kb6 34. Bf4
Bxh4 35. Rb1 a4 36. Rd7 Rae8+ 37. Bxe8 Rxe8+ 38. Kf3 Rf8 39. Ke3 Ka6 40. g5 d4+
41. Ke4 Nc5+ 42. Kxd4 Nxd7 43. Be3 Re8 44. Bf4 Bf2+ 45. Kc3 Nb6 46. Bd6 Re2 47.
d4 Re3+ 48. Kc2 Nc4 49. Bc5 Na3+ 50. Bxa3 Rxa3 51. Rb4 Ka5 52. Rc4 Kb5 53. Rc5+
Kb4 54. Rxc6 Bxd4 55. Rc8 Rc3+ 56. Rxc3 Bxc3 57. g6 Bg7 58. Kb1 Kb3 0-1

[Event "44th Annual World Open"]
[Site "Philadelphia USA"]
[Date "2016.07.02"]
[Round "4"]
[White "Sevian, Samuel"]
[Black "Colas, Joshua"]
[Result "1-0"]
[WhiteTitle "GM"]
[BlackTitle "FM"]
[WhiteElo "2603"]
[BlackElo "2387"]
[WhiteFideId "2040506"]
[BlackFideId "2044447"]
[EventDate "2016.06.30"]
[EventType "swiss"]

1. e4 c5 2. Nf3 e6 3. d4 cxd4 4. Nxd4 a6 5. Bd3 Nf6 6. O-O Qc7 7. Qe2 d6 8. c4
g6 9. Nc3 Bg7 10. Nf3 Nc6 11. Bf4 Nd7 12. Rac1 Nce5 13. Rfd1 O-O 14. b4 b6 15.
Nxe5 Nxe5 16. Qe3 Rb8 17. Be2 Bb7 18. Bh6 f6 19. Bxg7 Kxg7 20. a3 Rfd8 21. f4
Nf7 22. h4 Nh6 23. g4 f5 24. g5 Nf7 25. exf5 Qc6 26. f6+ Kg8 27. Qh3 b5 28. cxb5
Qb6+ 29. Kf1 d5 30. h5 d4 31. hxg6 hxg6 32. Bd3 dxc3 33. Bxg6 Qxb5+ 34. Rd3 Nxg5
35. fxg5 Bg2+ 36. Kxg2 Qxg5+ 37. Qg3 1-0

[Event "44th Annual World Open"]
[Site "Philadelphia USA"]
[Date "2016.07.02"]
[Round "5.1"]
[White "Gelashvili, Tamaz"]
[Black "Papp, Gabor1"]
[Result "1/2-1/2"]
[WhiteTitle "GM"]
[BlackTitle "GM"]
[WhiteElo "2557"]
[BlackElo "2596"]
[WhiteFideId "13600702"]
[BlackFideId "718602"]
[EventDate "2016.06.30"]

1. d4 Nf6 2. Nf3 d5 3. Bf4 e6 4. e3 Bd6 5. Nbd2 c5 6. Ne5 O-O 7. c3 b6 8. Qf3
Qc7 9. Bd3 Ba6 10. Bxa6 Nxa6 11. O-O cxd4 12. exd4 Nc5 13. Rae1 Nce4 14. Nb3 Nd7
15. Qh3 Bxe5 16. dxe5 Qc4 17. Qg4 g6 18. Re3 Rae8 19. Qe2 Qxe2 20. Rxe2 Rc8 21.
Rd1 Rc4 22. Nd4 Rfc8 23. f3 Nec5 24. Bh6 a6 25. g4 b5 26. a3 Nb8 27. Re3 Na4 28.
Rd2 R4c7 29. f4 Nc6 30. Nb3 Nb6 31. Rh3 Nc4 32. Rf2 a5 33. Bg5 a4 34. Bf6 g5 35.
Nc1 d4 36. Rff3 Nd2 37. Rd3 Ne4 38. Rh6 dxc3 39. bxc3 Ne7 40. Ne2 Ng6 41. f5 Nf8
42. Rhh3 Nd7 43. fxe6 fxe6 44. Rde3 Ndxf6 45. exf6 Nxf6 46. Rxe6 Rc6 47. Rhe3
Nxg4 48. Rxc6 Rxc6 49. Re4 Rc4 50. Nd4 Nf6 51. Re5 Rxc3 52. Rxg5+ Kf7 53. Nxb5
Rb3 54. Rc5 Ne4 55. Rc4 Nd2 56. Rc5 Kg6 57. Kg2 h5 58. Rd5 Nc4 59. Rc5 Ne3+ 60.
Kg1 h4 61. h3 Nf5 62. Kg2 Rb2+ 63. Kg1 Ng3 64. Nc3 Rb3 65. Kg2 Rxa3 66. Rc6+ Kf7
67. Rc4 Nf5 68. Kf2 Nd6 69. Rf4+ Ke6 70. Nxa4 Ke5 71. Rb4 Rxh3 72. Nc5 Kd5 73.
Nb3 Ne4+ 74. Kg2 Rc3 75. Rb8 h3+ 76. Kh2 Ke5 77. Re8+ Kf4 78. Rf8+ Kg4 79. Rg8+
Ng5 80. Nd4 Re3 81. Rg7 Re4 82. Nf3 Re2+ 83. Kh1 Kxf3 84. Rxg5 h2 85. Rg3+ Kxg3 1/2-1/2

[Event "44th Annual World Open"]
[Site "Philadelphia USA"]
[Date "2016.07.02"]
[Round "5.3"]
[White "Gorovets, Andrey"]
[Black "Bologan, Viktor"]
[Result "0-1"]
[WhiteTitle "IM"]
[BlackTitle "GM"]
[WhiteElo "2551"]
[BlackElo "2654"]
[WhiteFideId "13504037"]
[BlackFideId "13900048"]
[EventDate "2016.06.30"]

1. d4 Nf6 2. c4 e6 3. Nf3 b6 4. Bf4 Bb7 5. e3 Bb4+ 6. Nbd2 O-O 7. Be2 d5 8. O-O
c5 9. Nb3 cxd4 10. Nbxd4 Nc6 11. Nxc6 Bxc6 12. Ne5 Bb7 13. Rc1 Bc5 14. a3 dxc4
15. Bxc4 Qxd1 16. Rfxd1 Rfd8 17. Bb5 Nd5 18. b4 Bf8 19. Bc6 Bxc6 20. Nxc6 Rdc8
21. Be5 f6 22. e4 Ne7 23. Nxe7+ Bxe7 24. Bd4 Rxc1 25. Rxc1 Rd8 26. Bc3 f5 27.
exf5 Bg5 28. Ra1 Rd3 29. Be1 exf5 30. a4 Kf7 31. Kf1 Ke6 32. Ra2 Rb3 33. Rc2 Kd7
34. Rc3 Rb1 35. Rd3+ Ke6 36. Ke2 Rb2+ 37. Kf3 Be7 38. Re3+ Kd7 39. Bc3 Rb3 40.
Bxg7 Rxb4 41. a5 bxa5 42. Re5 Rb3+ 43. Ke2 a4 44. Rxf5 a3 45. Ra5 Kc6 46. Bd4
Rb2+ 47. Kd3 Bb4 48. Rxa7 Rd2+ 49. Ke3 Rxd4 50. Rxa3 Rh4 51. Ra6+ Kb5 52. Re6
Rxh2 53. Kf3 Bc5 54. Re1 Rh6 55. Re4 Kc6 56. Rf4 Bd6 57. Rf5 Kd7 58. g3 Ke6 59.
Kg4 Rg6+ 60. Rg5 Be7 61. Rxg6+ hxg6 62. Kf4 Kd5 63. Ke3 Ke5 64. Kf3 Kf5 65. Ke3
Kg4 66. Ke4 Bc5 67. f4 Bd6 0-1

[Event "44th Annual World Open"]
[Site "Philadelphia USA"]
[Date "2016.07.02"]
[Round "5.4"]
[White "Antal, Gergely"]
[Black "Shimanov, Aleksandr"]
[Result "1/2-1/2"]
[WhiteTitle "GM"]
[BlackTitle "GM"]
[WhiteElo "2545"]
[BlackElo "2631"]
[WhiteFideId "717312"]
[BlackFideId "4198603"]
[EventDate "2016.06.30"]

1. e4 e5 2. Nc3 Nf6 3. g3 c6 4. Nf3 d6 5. Bg2 Be7 6. O-O O-O 7. d4 Nbd7 8. a4
Re8 9. b3 Bf8 10. Bb2 Qc7 11. Re1 b6 12. Na2 b5 13. axb5 cxb5 14. Nc3 b4 15. Nd5
Nxd5 16. exd5 Bb7 17. Qd3 h6 18. Nd2 a5 19. dxe5 dxe5 20. Nc4 Nc5 21. d6 Qd7 22.
Qf1 e4 23. Red1 Ba6 24. Bh3 Ne6 25. Bg4 Red8 26. Be2 Ng5 27. Ne5 Bxe2 28. Qxe2
Qh3 29. d7 Be7 30. Bc1 Qf5 31. Bxg5 Bxg5 32. Nc4 Ra7 33. Nd6 Qe6 34. Nxe4 f5 35.
Nc3 Qxe2 36. Nxe2 Raxd7 37. Rxd7 Rxd7 38. Rxa5 Rd2 39. Kf1 Rxc2 40. Rb5 Bd2 41.
Rxf5 Rb2 42. Rf3 Bc3 43. Nxc3 Rxb3 44. Rf4 bxc3 45. Ke2 g5 46. Rc4 1/2-1/2

[Event "44th Annual World Open"]
[Site "Philadelphia USA"]
[Date "2016.07.02"]
[Round "5"]
[White "Li, Ruifeng"]
[Black "Sevian, Samuel"]
[Result "1-0"]
[WhiteTitle "IM"]
[BlackTitle "GM"]
[WhiteElo "2529"]
[BlackElo "2603"]
[WhiteFideId "2061074"]
[BlackFideId "2040506"]
[EventDate "2016.06.30"]
[EventType "swiss"]

1. e4 e5 2. Nf3 Nc6 3. Bb5 a6 4. Ba4 Nf6 5. O-O Be7 6. Nc3 b5 7. Bb3 O-O 8. a3
d6 9. h3 Be6 10. d3 Bxb3 11. cxb3 h6 12. Qc2 Qd7 13. Be3 b4 14. Nd5 Nxd5 15.
exd5 Nb8 16. Rac1 bxa3 17. bxa3 Rc8 18. d4 exd4 19. Nxd4 Bf6 20. Nf5 a5 21. Rfd1
Re8 22. Ng3 Na6 23. Nh5 Qd8 24. Rd3 Be5 25. f4 Bf6 26. f5 Be5 27. f6 Bxf6 28.
Bxh6 Re5 29. Nxg7 Bg5 30. Rg3 Qf6 31. Rf1 Qxh6 32. Nf5 Qh7 33. Rxg5+ Kf8 34.
Nxd6 Qxc2 35. Rxf7# 1-0

[Event "44th Annual World Open"]
[Site "Philadelphia USA"]
[Date "2016.07.02"]
[Round "5"]
[White "Zherebukh, Yaroslav"]
[Black "Panchanatham, Vignesh"]
[Result "1-0"]
[WhiteTitle "GM"]
[BlackTitle "FM"]
[WhiteElo "2595"]
[BlackElo "2352"]
[WhiteFideId "14116804"]
[BlackFideId "2060523"]
[EventDate "2016.06.30"]
[EventType "swiss"]

1. d4 Nf6 2. Bg5 e6 3. e3 Be7 4. Bd3 b6 5. Nf3 Bb7 6. O-O d5 7. c4 Nbd7 8. Nc3
O-O 9. Qe2 Ne4 10. Bf4 Nxc3 11. bxc3 Nf6 12. Ne5 Rc8 13. Rac1 c5 14. h3 cxd4 15.
cxd4 Ba3 16. Rc2 Qe7 17. Bg5 dxc4 18. Nxc4 Ba6 19. f4 Bxc4 20. Bxc4 Qd8 21. f5
exf5 22. Rxf5 Be7 23. Qd3 h6 24. Bh4 Rc7 25. Rcf2 Qc8 26. Bb3 Rc1+ 27. Rf1 Rxf1+
28. Rxf1 Qc6 29. e4 g5 30. e5 Nd5 31. Qe4 Rd8 32. Bg3 b5 33. h4 Kg7 34. h5 a5
35. Bc2 Rh8 36. Qf3 Qe6 37. Bf5 Qb6 38. Qxd5 Rd8 39. Bd7 1-0

[Event "44th Annual World Open"]
[Site "Philadelphia USA"]
[Date "2016.07.02"]
[Round "5"]
[White "Bachmann, Axel"]
[Black "Checa, Nicolas D"]
[Result "1-0"]
[WhiteTitle "GM"]
[BlackTitle "FM"]
[WhiteElo "2642"]
[BlackElo "2398"]
[WhiteFideId "3700488"]
[BlackFideId "2069342"]
[EventDate "2016.06.30"]
[EventType "swiss"]

1. c4 c6 2. Nf3 d5 3. g3 Nf6 4. Bg2 Bf5 5. O-O e6 6. cxd5 exd5 7. d3 Nbd7 8. Nc3
Be7 9. Nh4 Be6 10. f4 Nb6 11. Qe1 d4 12. f5 Bd5 13. Nxd5 Nbxd5 14. Bf3 O-O 15.
Ng2 Re8 16. g4 Bb4 17. Qh4 h6 18. Qf2 Qe7 19. h4 Bd6 20. g5 Qe5 21. Ne1 hxg5 22.
hxg5 Nh7 23. Be4 Ne3 24. Nf3 Qf4 25. Bxe3 Qxe3 26. Qxe3 dxe3 27. Kh1 Bf4 28. Rg1
f6 29. g6 Ng5 30. Rg4 Nxe4 31. Rxf4 Ng3+ 32. Kg2 Nxe2 33. Rh4 c5 34. Rah1 Kf8
35. Re1 Nd4 36. Rh8+ Ke7 37. Rxe3+ Kd7 38. Rexe8 Rxe8 39. Rxe8 Kxe8 40. Nxd4
cxd4 41. Kf3 Kd7 42. Ke4 Kc6 43. Kxd4 Kd6 44. a3 a6 45. b3 b6 46. a4 a5 47. Kc4
Ke5 48. Kb5 Kxf5 49. Kxb6 Ke5 50. Kc5 f5 51. d4+ Kf6 52. d5 f4 53. d6 f3 54. Kb6
f2 55. d7 f1=Q 56. d8=Q+ Kxg6 57. Kxa5 Kh5 58. Qh8+ Kg6 59. Qe8+ Kh6 60. b4 g5
61. b5 Qf5 62. Ka6 g4 63. b6 Qf1+ 64. Qb5 Qf6 65. Qc5 Qe6 66. Qd4 Kh5 67. Ka7 g3
68. b7 Qf7 69. Qe5+ Kg4 70. Qe4+ Kh3 71. Qh1+ Kg4 72. Qd1+ Kh3 73. Ka8 Qe6 74.
Qf1+ g2 75. Qd3+ Kh4 76. Qh7+ Kg4 77. Qg7+ Kh4 78. Qh8+ Kg5 79. Qg7+ Kh4 80.
Qd4+ Kh3 81. Qh8+ Kg4 82. Qc8 Qf5 83. b8=Q g1=Q 84. Qg8+ Kh4 85. Qb4+ Kh3 86.
Qc3+ 1-0

[Event "44th Annual World Open"]
[Site "Philadelphia USA"]
[Date "2016.07.02"]
[Round "5"]
[White "Nyzhnyk, Illya"]
[Black "Sheng, Joshua"]
[Result "1/2-1/2"]
[WhiteTitle "GM"]
[BlackTitle "FM"]
[WhiteElo "2622"]
[BlackElo "2397"]
[WhiteFideId "14118084"]
[BlackFideId "2057360"]
[EventDate "2016.06.30"]
[EventType "swiss"]

1. d4 d5 2. Nf3 Nf6 3. c4 c6 4. Nc3 e6 5. e3 Nbd7 6. Qc2 Bd6 7. Bd3 dxc4 8. Bxc4
b5 9. Bd3 Bb7 10. a3 O-O 11. O-O Rc8 12. b4 c5 13. bxc5 Bxf3 14. cxd6 Nd5 15.
gxf3 Qg5+ 16. Kh1 Qh5 17. Bxh7+ Kh8 18. Be4 Nxc3 19. Bb7 Nd5 20. Qd1 Rc2 21. e4
Nc3 22. Qd3 Ne2 23. e5 Qh3 24. Rg1 Nxg1 25. Qxc2 Nxf3 26. Bf4 Nxd4 27. Qc7 Ne2
28. Bg3 Nxg3+ 29. fxg3 Nxe5 30. Bg2 Qg4 31. Qe7 Kg8 32. Qxa7 Qe2 33. Qd4 1/2-1/2